Music Quiz

Random Music or Album Quiz

Beatles Love Songs Quiz Stats

 Plays Quiz Updated Dec 10, 2018

Support Sporcle.
Go Orange.
Score 0/11 Timer 05:00
1 Play Today
Year Song % Correct
1962Love Me Do
80.5%
1967All You Need Is Love
74.4%
1963She Loves You
51.8%
1964Can't Buy Me Love
40.5%
1964And I Love Her
37.3%
1967Lovely Rita
33.2%
1965You've Got to Hide Your Love Away
24.2%
1962P.S. I Love You
22.9%
1966Love You To
22%
1965It's Only Love
16.2%
1964Words of Love
11.2%

From the Vault

Jokes in Reverse

by Probo11

These jokes may be even funnier backwards.
Remove Ads.
Support Sporcle.
Get the best of Sporcle when you Go Orange. This ad-free experience offers more features, more stats, and more fun while also helping to support Sporcle. Thank you for becoming a member.

Show Comments

Extras

Top Quizzes Today


Score Distribution

Your Account Isn't Verified!

In order to create a playlist on Sporcle, you need to verify the email address you used during registration. Go to your Sporcle Settings to finish the process.

Report this User

Report this user for behavior that violates our Community Guidelines.

Details: